• 首页
  • 本馆介绍
  • 公告通知
  • 最新文献
  • 馆藏检索
  • 电子资源
  • 读者导购
  • 参考咨询
  • 我的图书馆
  • 登录
  • 详细信息显示
  • 放入我的书架
  • 预约/预借图书
  • 作者相关作品
  • 分类相关作品
  • 丛书相关作品
  • 出版社相关作品

书目信息

  • 表格格式
  • 工作单格式
  • 卡片格式
题名:
设计与表达
    
 
作者: 王猛 编著
分册: 2   手绘POP字体设计
出版信息: 沈阳   辽宁美术出版社  2014.02
页数: 120,120,144页
开本: 26cm
丛书名:
单 册:
中图分类: J06 , J292.13
科图分类:
主题词: 艺术--设计 , 广告--美术字--字体--设计 , 艺术 , 广告 , 美术字 , 字体
电子资源:
ISBN: 978-7-5314-5712-1
000 01060nam0 2200325 450
001 0120141211309
005 20170327104121.67
010    @a978-7-5314-5712-1@b精装@dCNY184.00
100    @a20140306d2014 em y0chiy0110 ea
101 0  @achi
102    @aCN@b210000
105    @aa z 000yy
106    @ar
200 1  @a设计与表达@9she ji yu biao da@i手绘POP字体设计@h2@dDesign and expression@iDesign of sketching POP font@hⅡ@f王猛编著@zeng
210    @a沈阳@c辽宁美术出版社@d2014.02
215    @a120,120,144页@c图@d26cm
330    @a本书主要内容包括:手绘POP装饰字体全攻略—创意篇;手绘POP标题字精编2;手绘POP设计—标题字1000例。
333    @a广告美术字设计相关研究人员
510 1  @aDesign and expression@iDesign of sketching POP font@hⅡ@zeng
606 0  @a艺术@x设计
606 0  @a广告@x美术字@x字体@x设计
606 0  @a艺术
606 0  @a广告
606 0  @a美术字
606 0  @a字体
690    @aJ06@v5
690    @aJ292.13@v5
701  0 @a王猛@9wang meng@4编著
801  0 @aCN@b人天书店@c20140306
905    @b983440-42@dJ06@e345:2@f3
    
    设计与表达.手绘POP字体设计.2=Design and expression.Design of sketching POP font.Ⅱ/王猛编著.-沈阳:辽宁美术出版社,2014.02
    120,120,144页:图;26cm
    使用对象:广告美术字设计相关研究人员
    
    ISBN 978-7-5314-5712-1(精装):CNY184.00
    本书主要内容包括:手绘POP装饰字体全攻略—创意篇;手绘POP标题字精编2;手绘POP设计—标题字1000例。
●
相关链接 在E读中查询图书 在五车中查询图书 在当当中查询图书 在豆瓣中查询图书


正题名:设计与表达     索取号:J06/345:2         预约/预借

序号 登录号 条形码 馆藏地/架位号 状态 备注
1 983440   209834401   第一样本阅览室/ [索取号:J06/345:2] 在馆    
2 983441   209834410   美术系资料室/ [索取号:J06/345:2] 在馆    
3 983442   209834429   第一借阅区/ [索取号:J06/345:2] 在馆    
唐山师范学院图书馆 欢迎您!
大连网信软件有限公司© 版权所有